BIBLIOTHÈQUE DE LA MAISON DU MEXIQUE

Logo 1 Logo 2

Los precandidatos y sus ideas (notice nᵒ 12623)

détails MARC
000 -Sello discográfico
campo de control de longitud fija 01298nam a2200337 4500
005 - Identificación de versión
campo de control 20251016084522.0
035 ## - Otros números de control del sistema
Número de control del sistema 17484
099 ## - fechas locales
Tipo de ítem Koha LIBRO
100 ## - Datos de procesamiento general
Datos de procesamiento general 19930801d1987 m y1spay5003 ba
105 ## - Campo de datos codificados: Material textual, monográfico
Datos codificados de monografía y 001zy
200 1# - Título y mención de responsabilidad
Título propio Los precandidatos y sus ideas
Designación general del material texto impreso
Otra información del título 1988-1994
Primer mención de responsabilidad Ramón Aguirre Velázquez, Manuel Bartlett Díaz, Alfredo del Mazo González ... [et al.]
205 ## - Declaración de edición
Declaración de edición 1a ed
210 ## - Publicación, distribución, etc.
Lugar de publicación, distribución, etc. México
Nombre del editor, distribuidor, etc. El Día en Libros
Fecha de publicación, distribución, etc. 1987
215 ## - Descripción física
Designación de material específico y extensión del ítem 289 p
Dimensiones 20 cm
300 ## - Notas generales
Texto de la nota Selección sintética del pensamiento político de los precandidatos del partido en el gobierno, a la Presidencia de la República para el período 1988-1994
345 ## - Nota de información de adquisición
Fuente de adquisición/dirección de la suscripción [OBSOLETO] Donación
606 ## - Término temático usado como materia
Elemento de entrada Candidatos presidenciales
Subdivisión geográfica México
Número Koha 9126
606 ## - Término temático usado como materia
Elemento de entrada Presidentes
Subdivisión geográfica México
Subdivisión temática Elección
Número Koha 4203
607 ## - Nombre geográfico utilizado como tema
Elemento de entrada México
Subdivisión temática Política y gobierno
Subdivisión cronológica 1988-
Número Koha 2809
660 ## - Código de área geográfica
Código MX
700 ## - Nombre personal - Responsabilidad primaria
Elemento de entrada Aguirre Velázquez
Parte del nombre distinta del elemento de entrada Ramón
Fechas 1935-
Número Koha 11079
701 ## - Nombre personal - Responsabilidad alternativa
Elemento de entrada Bartlett Díaz
Parte del nombre distinta del elemento de entrada Manuel
Fechas 1936-
Número Koha 4967
701 ## - Nombre personal - Responsabilidad alternativa
Elemento de entrada Mazo González
Parte del nombre distinta del elemento de entrada Alfredo del
Fechas 1943-
Número Koha 19375
801 #0 - Fuente de origen
Agencia cm
900 ## -
-- 1/9780
900 ## -
-- 710935450\\010893
942 ## - ELEMENTOS DE ENTRADA SECUNDARIOS (KOHA)
Tipo de ítem Koha Livre
996 ## -
-- MEX
-- 751145101
-- MMAG
-- 006451
-- 320.972 P92
-- 20220512LIV
Exemplaires
Estatus retirado Estado de daño Estado de pérdida Fecha de adquisición Biblioteca de origen Biblioteca actual Ubicación en estantería Código de barras Precio de reemplazo Signatura topográfica completa No para préstamo Tipo de ítem Koha Nota pública Nota no pública
      05/08/2025 Casa México Paris Casa México Paris   006451 05/08/2025 320.972 P92   Livre 20220512LIV 751145101